书目信息 |
| 题名: |
中华成语故事大全集
|
|
| 作者: | 巴城 主编 | |
| 分册: | 第一卷 | |
| 出版信息: | 北京 华文出版社 2010.03 |
|
| 页数: | 26, 178页 | |
| 开本: | 25cm | |
| 丛书名: | ||
| 单 册: | ||
| 中图分类: | I247.8 , H136.3 | |
| 科图分类: | ||
| 主题词: | 成语--故事--作品集--中国 , 成语 , 故事 | |
| 电子资源: | ||
| ISBN: | 978-7-5075-2993-7 | |
| 000 | 00756nam0 22002771 450 | |
| 001 | 005270367 | |
| 005 | 20111229105253.93 | |
| 010 | @a978-7-5075-2993-7@dCNY74.00 | |
| 096 | @aH136@bbc | |
| 100 | @a20110622d2010 em y0chiy50 ea | |
| 101 | 0 | @achi |
| 102 | @aCN@b110000 | |
| 105 | @ay z 000fy | |
| 200 | 1 | @a中华成语故事大全集@9zhong hua cheng yu gu shi da quan ji@e珍藏本@h第一卷@f巴城主编 |
| 210 | @a北京@c华文出版社@d2010.03 | |
| 215 | @a26, 178页@d25cm | |
| 300 | @a实用经典 | |
| 517 | 1 | @a珍藏本@Azhen cang ben |
| 606 | 0 | @a成语@x故事@x作品集@y中国 |
| 606 | 0 | @a成语 |
| 606 | 0 | @a故事 |
| 690 | @aI247.8@v4 | |
| 690 | @aH136.3@v4 | |
| 701 | 0 | @a巴城@9ba cheng@c(汉语)@4主编 |
| 801 | 0 | @c20111229 |
| 905 | @aZUCC@dI247.8@eB012@f3 | |
| 中华成语故事大全集:珍藏本.第一卷/巴城主编.-北京:华文出版社,2010.03 |
| 26, 178页;25cm |
| 实用经典 |
| ISBN 978-7-5075-2993-7:CNY74.00 |
| ● |
| 相关链接 |
|
|
|
正题名:中华成语故事大全集
索取号:I247.8/B012
 
预约/预借
| 序号 | 登录号 | 条形码 | 馆藏地/架位号 | 状态 | 备注 |
| 1 | 1183218 | 211832187 | 文学库108/108文学库 63排3列5层/ [索取号:I247.8/B012] | 在馆 | |
| 2 | 1183219 | 211832196 | 文学库108/108文学库 63排3列5层/ [索取号:I247.8/B012] | 在馆 | |
| 3 | 1183220 | 211832203 | 文学库108/108文学库 63排3列5层/ [索取号:I247.8/B012] | 在馆 |